000 00347pam a2200157a 44500
008 230515b0 xxu||||| |||| 00| 0 eng d
020 _a1987-03-31
041 _aNULL
082 _a"""005.43
100 _aA USERS GUIDE TO THE UNIX TM SYSTEMS
245 _aNULL
250 _aMc. G
260 _a83.3
_bTHOMS R.
_c0
300 _a0
650 _a0
999 _c616787
_d616787